The Nightingale affair / Tim Mason.
Available copies
- 2 of 2 copies available at LARL/NWRL Consortium.
Current holds
0 current holds with 2 total copies.
Show All Copies
| Location | Call Number / Copy Notes | Barcode | Shelving Location | Status | Due Date |
|---|---|---|---|---|---|
| Breckenridge Public Library | MAS (Text) | 33500013793344 | Main | Available | - |
| Moorhead Public Library | MAS (Text) | 33500013793336 | Main | Available | - |
Record details
- ISBN: 9781643750392
- ISBN: 1643750399
- Physical Description: 391 pages ; 24 cm.
- Edition: First Edition.
- Publisher: Chapel Hill, North Carolina : Algonquin Books of Chapel Hill, 2023.
- Copyright: ©2023.
Content descriptions
| General Note: | Sequel to The Darwin Affair. |
| Summary, etc.: | "Inspector Charles Field hunts a serial killer ... Read More Who is stalking Florence Nightingale and her ... Read More |
Search for related items by subject
| Subject: | Serial murderers > Fiction. Nightingale, Florence, 1820-1910 > Fiction. Crimean War, 1853-1856 > Fiction. Stalking > Fiction. London (England) > History > 1800-1950 > Fiction. Nurses > Death > Fiction. Murder > Investigation > Fiction. |
| Genre: | Mystery fiction. Detective and mystery fiction. Historical fiction. Thrillers (Fiction) Novels. |
Search for related items by series
| LDR | 03463cam a22005538i 4500 | ||
|---|---|---|---|
| 001 | 406132 | ||
| 003 | LARL_NWRL_CONSORTIUM | ||
| 005 | 20230522171146.0 | ||
| 008 | 221208t20232023ncu e 000 1 eng | ||
| 010 | . | ‡a 2022057989 | |
| 040 | . | ‡aDLC ‡beng ‡erda ‡cDLC ‡dOCLCF ‡dORX ‡dHBP ‡dIJ5 ‡dGP5 ‡dRNL ‡dTJT ‡dJPL | |
| 020 | . | ‡a9781643750392 ‡q(hardcover) | |
| 020 | . | ‡a1643750399 ‡q(hardcover) | |
| 020 | . | ‡z9781643755106 ‡q(ebook) | |
| 035 | . | ‡a(OCoLC)1345218186 | |
| 042 | . | ‡apcc | |
| 082 | 0 | 0. | ‡a813/.54 ‡223/eng/20221208 |
| 100 | 1 | . | ‡aMason, Timothy, ‡d1950- ‡eauthor. |
| 245 | 1 | 4. | ‡aThe Nightingale affair / ‡cTim Mason. |
| 250 | . | ‡aFirst Edition. | |
| 264 | 1. | ‡aChapel Hill, North Carolina : ‡bAlgonquin Books of Chapel Hill, ‡c2023. | |
| 264 | 4. | ‡c©2023. | |
| 300 | . | ‡a391 pages ; ‡c24 cm. | |
| 336 | . | ‡atext ‡btxt ‡2rdacontent | |
| 337 | . | ‡aunmediated ‡bn ‡2rdamedia | |
| 338 | . | ‡avolume ‡bnc ‡2rdacarrier | |
| 490 | 0 | . | ‡aInspector Charles Field ; ‡v2 |
| 520 | . | ‡a"Inspector Charles Field hunts a serial killer targeting Florence Nightingale's nurses in Crimea and women in London"-- ‡cProvided by publisher. | |
| 520 | . | ‡aWho is stalking Florence Nightingale and her nurses? Is it the legendary Beast of the Crimean, or someone closer to home? In 1855, Britain and France are fighting to keep the Russians from snatching the Crimean Peninsula from the Ottoman Empire, and Nightingale, a wealthy young society woman, has made it her mission to improve the wretched conditions in the British military hospitals in Turkey—despite fierce objections from the male doctors around her. When young women start turning up dead, their mouths sewn shut with embroidered fabric roses, Inspector Charles Field (the real-life inspiration for Charles Dickens’s Inspector Bucket in Bleak House) is sent from England to find the killer among the doctors, military men, journalists, and others swarming Turkey’s famous Barrack Hospital. Here Field meets both the famous Nightingale as well as Nurse Jane Rolly, the woman who will become his wife, and as he races to protect them, the prime suspect takes his own life. Case closed. Or is it? Twelve years later, back in London, amid the turmoil surrounding the expansion of voting rights, women again start turning up dead, their mouths covered by that telltale embroidered rose. Did Field suspect the wrong man before, or is he dealing with a deviant copycat? Either way, he must race against time to stop the killer before more bodies are discovered, and before his own family gets pulled into danger. | |
| 500 | . | ‡aSequel to The Darwin Affair. | |
| 650 | 0. | ‡aSerial murderers ‡vFiction. ‡0(LARL_NWRL_CONSORTIUM)167313 | |
| 600 | 1 | 0. | ‡aNightingale, Florence, ‡d1820-1910 ‡vFiction. |
| 650 | 0. | ‡aCrimean War, 1853-1856 ‡vFiction. ‡0(LARL_NWRL_CONSORTIUM)171275 | |
| 650 | 0. | ‡aStalking ‡vFiction. ‡0(LARL_NWRL_CONSORTIUM)167355 | |
| 651 | 0. | ‡aLondon (England) ‡xHistory ‡y1800-1950 ‡vFiction. | |
| 650 | 0. | ‡aNurses ‡xDeath ‡vFiction. | |
| 650 | 0. | ‡aMurder ‡xInvestigation ‡vFiction. ‡0(LARL_NWRL_CONSORTIUM)166203 | |
| 655 | 7. | ‡aMystery fiction. ‡2gsafd | |
| 655 | 7. | ‡aDetective and mystery fiction. ‡2lcgft | |
| 655 | 7. | ‡aHistorical fiction. ‡2lcgft | |
| 655 | 7. | ‡aThrillers (Fiction) ‡2lcgft | |
| 655 | 7. | ‡aNovels. ‡2lcgft | |
| 901 | . | ‡a406132 ‡bOCoLC ‡c406132 ‡tbiblio ‡soclc | |

Add to basket
Permalink
Disable Highlighting